000
00278nam a22001217a 4500
003
SGT
082
_a
341.4
_b
YAD
100
_a
YADAV CHAHIT
245
_a
THE ROLE OF INTERNATIONAL CRIMINAL COURT IN ENFORCING HUMAN RIGHTS LAW
260
_c
2023
300
_a
86
942
_2
ddc
_c
TH
999
_c
34053
_d
34053